Datum a čas kvízu
29.5
Celkem bodů
Celkový počet nahraných bodů na tomto kvízu bez doplňovacích otázek.
3.
Pořadí na kvízu
Konečné umístění týmu na tomto kvízu.
Zaznamenané odpovědi
| # | Otázka | Odpověď | Body | Výsledky |
|---|---|---|---|---|
| 1. | Bývalá pražská primátorka Adri... | C) detektivní román | 0 | |
| 2. | Kanadská společnost Flash Fore... | drony | 0 | |
| 3. | Ve věku 86 let zemřel filmový... | Ivan Passer | 0 | |
| 4. | První český výrobce nealkoholi... | Mattoni, Košík.cz | 1 | |
| 5. | Pekka Rinne se stal dvanáctým... | Nashville Predators | 0 | |
| 6. | Rožnovský tým Kačeři vyhrál mo... | Dave Gahan | 0 | |
| 7. | Jak se jmenuje umělec, který v... | Marilyn Manson | 1 | |
| 8. | Podle čeho si tato kapela vybr... | B) podle časopisu | 1 | |
| 9. | Gary Numan, Ultravox, Devo...... | synthpop / synthrock | 0 | |
| 10. | Depešáci ovlivnili řadu hudebn... | Shalom | 0 |